000 00783nam a22002417a 4500
003 OSt
005 20240510073820.0
008 210318b 2020 dr 00| 0 eng d
020 _a 9789945916966
040 _aDO-SdBNP
_bspa
_cBNPHU
082 4 _a920.71
_bS961h
_222
100 1 _aSuriel, Manuel,
_d1937-
_978173
245 1 0 _a¿Hacia dónde iré? /
_cManuel Suriel
260 _aSanto Domingo :
_bEl Gato Ediciones,
_c2020.
300 _a227 p. ;
_c23 cm.
500 _aIncluye datos biográficos del autor en la solapa de la cubierta.
590 _aInventariado, 2021 /LP
600 1 4 _aSuriel, Manuel,
_d1937-
_978173
650 0 _aVida cristiana
_9668
651 4 _aRepública Dominicana
_vBiografías
_91083
910 _aValidado. Control de calidad MFF
942 _2ddc
_cLBS1
999 _c49614
_d49614